[Event "Wch U18 Girls"]
[Site "Montesilvano"]
[Date "2023.11.16"]
[Round "4"]
[White "Hyatt, Jessica"]
[Black "Keerti, Shree Reddy"]
[Result "1-0"]
[WhiteElo "1818"]
[BlackElo "1741"]
[PlyCount "63"]
[EventDate "2023.11.13"]
[EventType "swiss"]
[EventRounds "11"]
[EventCountry "ITA"]
[SourceTitle "CB48_2023"]
[SourceDate "2023.11.29"]
[SourceVersion "1"]
[SourceVersionDate "2023.11.29"]
[SourceQuality "1"]

1. e4 c5 2. Nf3 g6 3. d4 cxd4 4. Nxd4 Bg7 5. c4 Nc6 6. Be3 Nf6 7. Nc3 d6 8. Be2 0-0 9. f3 Nxd4 10. Bxd4 Bd7 11. Qd2 a5 12. Rc1 Bc6 13. 0-0 Nd7 14. Rfd1 Bxd4+ 15. Qxd4 f6 16. f4 Nc5 17. e5 fxe5 18. fxe5 Ne6 19. Qe3 Nf4 20. Bf1 Qd7 21. Nd5 Bxd5 22. cxd5 Qg4 23. h3 Qg5 24. Re1 h5 25. exd6 exd6 26. Rc7 Rac8 27. Rxc8 Rxc8 28. g3 Rf8 29. Bg2 h4 30. gxf4 Qxf4 31. Qxf4 Rxf4 32. Re4 1-0

[Event "Wch U18 Girls"]
[Site "Montesilvano"]
[Date "2023.11.13"]
[Round "1"]
[White "Kurmangaliyeva, Liya"]
[Black "Hyatt, Jessica"]
[Result "1/2-1/2"]
[WhiteElo "2236"]
[BlackElo "1818"]
[PlyCount "121"]
[EventDate "2023.11.13"]
[EventType "swiss"]
[EventRounds "11"]
[EventCountry "ITA"]
[SourceTitle "CB48_2023"]
[SourceDate "2023.11.29"]
[SourceVersion "1"]
[SourceVersionDate "2023.11.29"]
[SourceQuality "1"]

1. d4 d5 2. c4 e6 3. Nf3 c6 4. e3 Bd6 5. b3 Nd7 6. Bb2 f5 7. Bd3 Qf6 8. Qc2 Ne7 9. Nc3 0-0 10. Ne2 a5 11. a3 Kh8 12. Ng3 e5 13. Nh5 Qe6 14. dxe5 Nxe5 15. Nxe5 Bxe5 16. 0-0 Bd7 17. Rad1 Bxb2 18. Qxb2 Qf7 19. Nf4 Qf6 20. Qd2 Be8 21. cxd5 cxd5 22. Be2 Bf7 23. Bb5 g5 24. Ne2 Bh5 25. Rc1 Nc6 26. Bxc6 bxc6 27. Nd4 Be8 28. Rc5 a4 29. b4 Bd7 30. Rfc1 f4 31. exf4 Qxf4 32. Qxf4 Rxf4 33. Nxc6 Bxc6 34. Rxc6 Rd4 35. Kf1 Rd2 36. R1c2 Rd3 37. R6c3 Rxc3 38. Rxc3 Kg7 39. Rc5 Rd8 40. Ke2 Kf6 41. Rc7 Ke5 42. Ke3 h6 43. Re7+ Kd6 44. Rh7 Ke5 45. Rxh6 Rc8 46. Kd2 Kd4 47. Rh3 Rf8 48. f3 Re8 49. Rg3 Kc4 50. b5 Rb8 51. Rxg5 Rxb5 52. f4 Rb2+ 53. Kc1 Rf2 54. f5 d4 55. Kd1 d3 56. Rg8 Rxf5 57. Rc8+ Kb3 58. Kd2 Rf2+ 59. Kxd3 Rxg2 60. h4 Rh2 61. h5 1/2-1/2